| 000 | 00952 a2200265 4500 | ||
|---|---|---|---|
| 005 | 20241218065940.0 | ||
| 020 | _a9781107639096 (paperback) | ||
| 020 | _a1107639093 (paperback) | ||
| 020 | _a9781107033382 (hardback) | ||
| 020 | _a1107033381 (hardback) | ||
| 050 | 0 | 0 |
_aKBP144 _bALI 2016 |
| 100 | 1 |
_aAli, Shaheen Sardar, _eauthor. |
|
| 245 | 1 | 0 |
_aModern challenges to Islamic law / _cShaheen Sardar Ali, University of Warwick. |
| 264 | 1 |
_aCambridge, United Kingdom : _bCambridge University Press, _c2016. |
|
| 300 | _axxii, 303 pages ; | ||
| 336 |
_2rdacontent _atext _btxt |
||
| 337 |
_2rdamedia _aunmediated _bn |
||
| 338 |
_2rdacarrier _avolume _bnc |
||
| 500 | _aincludes index | ||
| 504 | _aIncludes bibliographical references (pages 271-292) and index. | ||
| 650 | 0 | _aIslamic law. | |
| 650 | 0 | _aWomen (Islamic law) | |
| 942 |
_2lcc _cBK _h144 _iALI _kKBP |
||
| 999 |
_c3123 _d3123 |
||